000 00546nam a22001457a 4500
008 150409b xxu||||| |||| 00| 0 eng d
050 _aJC257.B4N576
100 _aNg'ang'a, Augustine Kiarie.
_917067
245 _aThe Idea of liberty and the plurality of values in the thought of Isaiah Berlin
_c/ Ng'ang'a Augustine Kiare
260 _aRoma
_c2007
_bPontificia Universitas Urbaniana, Facolta di Filosofia
300 _a160p. ;
_c25cm.
500 _aThesis
650 _aBerlin Isiah
_xPolitical philosophy
_917068
942 _2lcc
_cMONOGRAPH
999 _c122625
_d122625